Conversores CC-CC isolados de alta frequência com comutação suave

Uloženo v:
Podrobná bibliografie
Hlavní autoři: Barbi, Ivo (Autor), Souza, Fabiana Pöttker de (Autor)
Médium: Kniha
Jazyk:portugalština
Vydáno: Florianópolis Ivo Barbi 1999
Florianópolis Fabiana Pöttker de Souza 1999
Témata:
Tagy: Přidat tag
Žádné tagy, Buďte první, kdo vytvoří štítek k tomuto záznamu!

MARC

LEADER 00000nam a2200000 a 4500
001 UCK5735
003 CL-VaPUC
008 050819e19990000bl |||||||||||||||||por|d
020 |a 8590104613 
082 0 4 |a 621.38  |b BAR  |2 21 
100 0 |a Barbi, Ivo  |e author  |9 494684 
700 0 |a Souza, Fabiana Pöttker de  |e author  |9 494685 
245 1 0 |a Conversores CC-CC isolados de alta frequência com comutação suave 
300 |a 376 p 
942 |c BK 
945 |d 20050819 00:00:00  |a jcarroza 
260 |a Florianópolis  |b Ivo Barbi  |c 1999 
260 |a Florianópolis  |b Fabiana Pöttker de Souza  |c 1999 
650 0 |a Electrónica de potencia  |9 263153 
650 7 |a CONVERSORES  |2 CL-VaPUC  |9 494686 
650 0 |a Ingeniería de comunicaciones  |9 485621 
583 |a last modification  |c 20171116 12:08:50  |k Rodrigo Vera 
999 |c 314228  |d 314226 
952 |0 0  |1 0  |2 ddc  |4 0  |6 621_380000000000000_BAR_1999_1999  |7 0  |8 A  |9 386251  |a BIBING  |b BIBING  |c RES  |d 2019-11-22  |i 415665K  |o 621.38 BAR 1999 1999  |p 415665K  |r 2025-01-20  |w 2019-11-22  |y BK  |k EIE 
952 |0 0  |1 0  |2 ddc  |4 0  |6 621_380000000000000_BAR_1999_1999  |7 0  |8 A  |9 386252  |a BIBING  |b BIBING  |c RES  |d 2019-11-22  |i 4156668  |o 621.38 BAR 1999 1999  |p 4156668  |r 2025-01-20  |w 2019-11-22  |y BK  |k EIE 
952 |0 0  |1 0  |2 ddc  |4 0  |6 621_380000000000000_BAR_1999_1999  |7 0  |8 A  |9 386253  |a BIBING  |b BIBING  |c RES  |d 2019-11-22  |i 4156676  |o 621.38 BAR 1999 1999  |p 4156676  |r 2025-01-20  |w 2019-11-22  |y BK  |k EIE 
952 |0 0  |1 0  |2 ddc  |4 0  |6 621_380000000000000_BAR_1999_1999  |7 0  |8 A  |9 386254  |a BIBING  |b BIBING  |c RES  |d 2019-11-22  |i 4156641  |o 621.38 BAR 1999 1999  |p 4156641  |r 2025-01-20  |w 2019-11-22  |y BK  |k EIE 
952 |0 0  |1 0  |2 ddc  |4 0  |6 621_380000000000000_BAR_1999_1999  |7 0  |8 A  |9 386255  |a BIBING  |b BIBING  |c RES  |d 2019-11-22  |i 4156633  |o 621.38 BAR 1999 1999  |p 4156633  |r 2025-01-20  |w 2019-11-22  |y BK  |k EIE